00567nam a2200217Ia 4500003000400000005001700004008004100021020001400062040000700076041001200083082001700095100002400112245007500136250000600211260003800217300001700255365001300272650002200285650002200307700002000329OSt20250809172815.0210423s2005 xx 000 0 und d a393962202 cAL aEnglish a320.1 bMACP aNiccolo Machiavelli aPrincec: a revised translation backgrounds interpretations Marginalia a2 aNew YorkbW W Norton & Co.,c2005 axvii,288bPB b250cINR aPolitical Science aPolitical Science aAdams, Robert M